| 000 | 01236nam a2200349 i 4500 | ||
|---|---|---|---|
| 001 | 11756 | ||
| 003 | KOSZ 005 | ||
| 005 | 20191214090756.0 | ||
| 008 | 070918s1969 pl a f 000 0 pol | ||
| 015 | _aPB 1969/906 | ||
| 040 |
_aWA N _cWA N _dKOSZ 005/RW _dKOSZ 005/HR |
||
| 046 | _k1969 | ||
| 080 | _a331.101:612 | ||
| 100 | 1 |
_aKlonowicz, Stefan _d(1920-1985). _eAutor. |
|
| 245 | 1 | 0 |
_aWstęp do fizjologii pracy : _bzarys popularny / _cStefan Klonowicz. |
| 260 |
_aWarszawa : _b"Książka i Wiedza", _c1969. |
||
| 300 |
_a232, [12] strony : _bilustracje ; _c18 cm. |
||
| 336 |
_aTekst _btxt _2rdacontent |
||
| 337 |
_aBez urządzenia pośredniczącego _bn _2rdamedia |
||
| 338 |
_aWolumin _bnc _2rdacarrier |
||
| 380 | _aKsiążki. | ||
| 388 | _a1901-2000 | ||
| 490 | 1 | _aMała Biblioteka Wiedzy o Pracy. | |
| 504 | _aBibliografia na stronie [234]. | ||
| 658 | _aMedycyna i zdrowie | ||
| 650 | 4 | _aPraca | |
| 650 | 4 | _aFizjologia | |
| 710 | 2 |
_aSpółdzielnia Wydawniczo-Handlowa "Książka i Wiedza" _4pbl. |
|
| 830 | 0 | _aMała Biblioteka Wiedzy o Pracy. | |
| 856 |
_uhttp://koha.tu.koszalin.pl/cgi-bin/koha/opac-detail.pl?biblionumber=11756 _yKatalog online BPK |
||
| 942 |
_2UKD _cKS |
||
| 999 |
_c11756 _d11756 |
||